000 01038nam a2200277 a 4500
001 000018746
005 20260218080533.0
008 100514s1966 ve 000 0 spa d
040 _aDO-SdBNP
_bspa
_cBNPHU
082 _a142.7
_bN445p
100 1 _aNeri, Guido David,
_940458
240 1 0 _aPrassi e conoscenza.
_lEspañol.
245 1 0 _aPraxis y conocimiento :
_bfenomenología y marxismo /
_cGuido David Neri ; traducción de Marciano Sadornil.
260 _aCaracas, Venezuela :
_bTiempo Nuevo,
_c1966.
300 _a243, [10] p. ;
_c20 cm.
490 1 _aTemas contemporáneos
500 _aCon una sección dedicada a los críticos marxistas de la fenomenología.
504 _aIncluye referencias bibliográficas y notas al pie de las páginas.
534 _pTítulo orinal en italiano:
_tPrassi e conoscenza.
650 4 _aFenomenología
_911303
650 0 _aMarxismo
_95234
650 4 _aConocimiento
_940459
700 1 _aSadornil, Marciano,
_etr.
_94729
830 0 _aTemas contemporáneos
_940460
049 _aEn proceso
999 _c18266
_d18266